Maintenance of highway edgedrains / (Record no. 529735)

000 -LEADER
fixed length control field 01749cam a22004097a 4500
001 - CONTROL NUMBER
control field 12299160
003 - CONTROL NUMBER IDENTIFIER
control field NUST
005 - DATE AND TIME OF LATEST TRANSACTION
control field 20191002124718.0
008 - FIXED-LENGTH DATA ELEMENTS--GENERAL INFORMATION
fixed length control field 010205s2000 dcua bt 000 0 eng d
010 ## - LIBRARY OF CONGRESS CONTROL NUMBER
LC control number 00133680
020 ## - INTERNATIONAL STANDARD BOOK NUMBER
International Standard Book Number 0309068673
035 ## - SYSTEM CONTROL NUMBER
System control number (OCoLC)ocm44999305
038 ## - RECORD CONTENT LICENSOR
Staff Name MSOHAIL
040 ## - CATALOGING SOURCE
Original cataloging agency CBT
Transcribing agency CBT
Modifying agency DAY
-- DLC
042 ## - AUTHENTICATION CODE
Authentication code lccopycat
043 ## - GEOGRAPHIC AREA CODE
Geographic area code n-us---
050 00 - LIBRARY OF CONGRESS CALL NUMBER
Classification number TE215
Item number .C478 2000
082 00 - DEWEY DECIMAL CLASSIFICATION NUMBER
Classification number 625.7340288
Edition number 21
100 1# - MAIN ENTRY--PERSONAL NAME
Personal name Christopher, Barry R.
Fuller form of name (Barry Rodney),
Dates associated with a name 1949-
9 (RLIN) 22177
245 10 - TITLE STATEMENT
Title Maintenance of highway edgedrains /
Statement of responsibility, etc. Barry R. Christopher.
246 3# - VARYING FORM OF TITLE
Title proper/short title Maintenance of highway edge drains
260 ## - PUBLICATION, DISTRIBUTION, ETC.
Place of publication, distribution, etc. Washington, D.C. :
Name of publisher, distributor, etc. National Academy Press,
Date of publication, distribution, etc. 2000.
300 ## - PHYSICAL DESCRIPTION
Extent 62 p. :
Other physical details ill. ;
Dimensions 28 cm.
440 #0 - SERIES STATEMENT/ADDED ENTRY--TITLE
Title Synthesis of highway practice,
International Standard Serial Number 0547-5570 ;
Volume/sequential designation 285
9 (RLIN) 22396
500 ## - GENERAL NOTE
General note At head of title: National Cooperative Highway Research Program.
500 ## - GENERAL NOTE
General note "Transportation Research Board, National Research Council."
500 ## - GENERAL NOTE
General note "Research sponsored by the American Association of State Highway and Transportation Officials in cooperation with the Federal Highway Administration."
504 ## - BIBLIOGRAPHY, ETC. NOTE
Bibliography, etc. note Includes bibliographical references (p. 35-36).
650 #0 - SUBJECT ADDED ENTRY--TOPICAL TERM
Topical term or geographic name entry element Road drainage
Geographic subdivision United States.
9 (RLIN) 22397
650 #0 - SUBJECT ADDED ENTRY--TOPICAL TERM
Topical term or geographic name entry element Pavements
Geographic subdivision United States
General subdivision Maintenance and repair.
9 (RLIN) 20808
710 2# - ADDED ENTRY--CORPORATE NAME
Corporate name or jurisdiction name as entry element National Cooperative Highway Research Program.
9 (RLIN) 20864
710 2# - ADDED ENTRY--CORPORATE NAME
Corporate name or jurisdiction name as entry element National Research Council (U.S.).
Subordinate unit Transportation Research Board.
9 (RLIN) 22398
710 2# - ADDED ENTRY--CORPORATE NAME
Corporate name or jurisdiction name as entry element American Association of State Highway and Transportation Officials.
9 (RLIN) 19553
906 ## - LOCAL DATA ELEMENT F, LDF (RLIN)
a 7
b cbc
c copycat
d 2
e ncip
f 20
g y-gencatlg
942 ## - ADDED ENTRY ELEMENTS (KOHA)
Source of classification or shelving scheme
Koha item type Book
Holdings
Withdrawn status Lost status Source of classification or shelving scheme Damaged status Not for loan Permanent Location Current Location Date acquired Total Checkouts Full call number Barcode Date last seen Price effective from Koha item type
          School of Civil and Environmental Engineering (SCEE) School of Civil and Environmental Engineering (SCEE) 10/02/2019   625.7340288 NIT-11096 10/02/2019 10/02/2019 Book
© 2023 Central Library, National University of Sciences and Technology. All Rights Reserved.